Political and Economic Patterns of Dependency: A Case of Eastern Periphery of the EU
Ekonomické a politické vzorce v závislosti na východnej periférii Európskej únie. Periférnosť z ekonomického a politického hľadiska. Objasnenie výberu východných periférnych krajín, základy teórie závislosti.
Saved in:
| Main Author: | |
|---|---|
| Format: | Book Chapter |
| Language: | English |
| Subjects: | |
| Tags: |
No Tags, Be the first to tag this record!
|
MARC
| LEADER | 00000naa$a2200000$$$4500 | ||
|---|---|---|---|
| 001 | 0271589 | ||
| 005 | 20240502074300.2 | ||
| 041 | 0 | |a eng | |
| 044 | |a SK | ||
| 245 | 1 | 0 | |a Political and Economic Patterns of Dependency: A Case of Eastern Periphery of the EU |c Jakub Szabó |
| 520 | |a Ekonomické a politické vzorce v závislosti na východnej periférii Európskej únie. Periférnosť z ekonomického a politického hľadiska. Objasnenie výberu východných periférnych krajín, základy teórie závislosti. | ||
| 610 | 2 | 0 | |a Pobaltie |
| 610 | 2 | 0 | |a Vyšehradská štvorka |
| 610 | 2 | 0 | |a Slovinsko |
| 610 | 2 | 0 | |a závislosť ekonomická |
| 100 | 1 | |a Szabó, Jakub, 1996- | |